000 00307nam a22001337a 4500
008 171002b xxu||||| |||| 00| 0 eng d
020 _a9780131113404
041 _aeng
080 _24TH
_a37
100 _a47
101 _aEDU
245 _aYOUNG CHILDREN WITH SPECIAL NEEDS
_cHOOPER,S.R
942 _2udc
_cBK
999 _c31105
_d31105